| 000 | 00364nam a2200133 4500 | ||
|---|---|---|---|
| 005 | 20260119124350.0 | ||
| 008 | 260119b |||||||| |||| 00| 0 eng d | ||
| 020 | _a9789352691159 | ||
| 100 | _aMishra Umanth | ||
| 245 |
_aNetwork Operating Systems _c/Umanth Mishra |
||
| 260 |
_aNew Delhi; _bRandom Publications; _c2019. |
||
| 300 |
_av ;290p _c24cm |
||
| 942 |
_2lcc _n0 _cBK |
||
| 999 |
_c132 _d132 |
||